Attentats terroristes en France, Année ? - Statistiques

Statistiques générales
  • Ce quiz a été pris 357 fois
  • Le résultat moyen est 4 sur 9
Statistiques - réponses
Date Description Morts Blessé Année ? % Correct
07-janv Attentat contre Charlie Hebdo 12 11 2015
92%
13-nov Série de fusillade et d'attentats suicides à Paris dont au Bataclan 130 413 2015
88%
14-juil Attaque terroriste au camion-bélier sur promenade des anglais à Nice 86 458 2016
84%
22-août Attentat du Petit-Clamart - tentative d'assasinat de Président Charles de Gaulle 0 1962
37%
25-juil Attentat de la gare Saint Michel du RER B 8 117 1995
23%
06-févr Assassinat de Claude Érignac, prefet de Corse, à Ajaccio 1 0 1998
18%
17-sept Attentat de la rue de Rennes à Paris 7 55 1986
15%
09-août Fusillade de la rue des Rosiers 6 22 1982
11%
15-sept Attentat à la grenade du drugstore Publicis revendiqué par Carlos 2 34 1974
9%
Aucun quiz correspondant
Distribution des résultats
% des personnes avec chaque résultat
Percentile par nombre de réponses
Votre historique - résultats
Vous n’avez pas pris ce quiz